000 00830cam a2200253 4500
001 J1544
008 090401t1991 xxu||||| |||| 00| 0 eng d
035 _a(Sirsi) u44133
041 _aeng
050 _a526.90951
110 _aFederation International Des Geometres
245 _aTechnical papers (volume I) PC`91 meeting and international symposium...20-25 May 1991, Beijing.
260 _aBeijing
_bChinese Society of Geodesy, Photogrammet
_c1991
300 _a384p. ; 30cm.
350 _a0
520 _aSponsored by the Chinese Society of Geodesy, Photogrammetry and Cartography.
650 _aCADASTRAL SURVEYING
650 _aCHINA
650 _aCHINESE SOCIETY OF GEODESY PHOTOGRAMMETRY AND CARTOGRAPHY
650 _aENGINEERING SURVEYING
690 _aLAND SURVEYING
942 _n0
948 _c04/03/1997
999 _c91444
_d91444